000 02053nam a22002777a 4500
001 1508
005 20250530113401.0
020 _a9789995054472
040 _aFISKH
_beng
_cFISKH
_dFISKH
082 _a959.6
100 _aBrunon, Paul
245 _aជនជាតិខ្មែរ /
_bស.វ.ទី១-ស.វ.ទី.១៥
_cនិពន្ធដោយ Paul Brunon និង ស៊ុនហេង ម៉េងឈាង
250 _aបោះពុម្ពលើកទី១១ សីហា ២០២២
260 _aPhnom Penh :
_bSipar,
_c2022.
300 _a40 pages :
_bcolor illustrations ;
_c20 cm
490 _aខ្ញុំចង់ដឹង
505 _aZ'
520 _aជនជាតិខ្មែរភាគ ១ ចាប់ពីសតវត្សទី 1-15 រៀបរាប់អំពីព្រឹត្ដិការណ៍ប្រវត្តិសាស្ត្រសំខាន់ៗដែលបែងចែកតាមរជ្ជកាល សម័យកាលពីដើមប្រវត្តិសាស្រ្តនៃប្រទេសកម្ពុជា (សតវត្សទី 1-15) រួមមាន ប្រវត្តិសាស្រ្តខ្មែរ ឥណ្ឌានីយកម្ម ចក្រាវ៉ារិន​ស្ថាបត្យករអង្គរ ទំនាក់ទំនងរវាងប្រទេសជិតខាង។
520 _aThe Khmers Part 1, from 1st- 15th century describes significant historical events divided by reign, period from the early history of Cambodia (1st -15th century) including Khmer proto-history, Indianization, Chakravartin, Angkor city architect, and relationships between neighboring countries.
521 _a1000
_bLexile estimate
521 _aZ'
_bRaz-Plus
650 _aប្រវត្តសាស្រ្ត
_vរជ្ជកាល
_xស្ថាបត្យកុម្ម
650 _aHistory
_vReign
_xArchitect
700 _aMengheang, Sunheng
_cAuthor
942 _2ddc
_cBK
_n0
999 _c1508
_d1508